| 000 | 00801nam a2200229Ii 4500 | ||
|---|---|---|---|
| 003 | JO-AjNU | ||
| 008 | 230605s9999||||xx |||||||||||||| ||und|| | ||
| 017 | _a1983/10/519 | ||
| 040 |
_aJO-AjNU _bara _erda _cJO-AjNU |
||
| 041 | _aara | ||
| 050 | 1 | 4 | _aPJ7760.S92.Z583 1983 |
| 100 | 3 |
_aتأليف أبوعلي،محمد بركات حمدي, _eauthor _918796 |
|
| 245 | 0 | 0 | _aالصورة البلاغية عند بهاء الدين السبكي |
| 250 | _aط2 | ||
| 264 | 3 | 1 | _aعمان:دار الفكر،1983 |
| 300 |
_a320ص _bمكتبة الدراسات البلاغية 5 |
||
| 336 |
_atext _btxt _2rdacontent |
||
| 337 |
_aunmediated _bn _2rdamedia |
||
| 338 |
_avolume _bnc _2rdacarrier |
||
| 490 | 0 | _aيشتمل على كشافات | |
| 650 | 4 |
_a اللغة العربية - بلاغة _918797 |
|
| 999 |
_aA6079 _c9647 _d9647 |
||